[Event "GER-ch Net Amateur Gr-B Vor2"]
[Site "Playchess.com INT"]
[Date "2020.04.15"]
[Round "1"]
[White "Friemel, Reinhard"]
[Black "Radeke, Wolfgang"]
[Result "1-0"]
[WhiteElo "1682"]
[BlackElo "1521"]
[PlyCount "43"]
[EventDate "2020.04.15"]
[EventType "swiss (blitz)"]
[EventRounds "9"]
[EventCountry "GER"]
[SourceTitle "CBM 196 Extra"]
[Source "ChessBase"]
[SourceDate "2020.07.31"]
[SourceVersion "1"]
[SourceVersionDate "2020.07.31"]
[SourceQuality "1"]

1. e4 c5 2. c4 Nc6 3. Nc3 e5 4. g3 d6 5. Bg2 Be7 6. d3 f5 7. Nge2 Nf6 8. a3 0-0 9. Rb1 b6 10. exf5 Bxf5 11. Bxc6 Ng4 12. 0-0 Nxh2 13. Kxh2 Bg5 14. Bd5+ Kh8 15. Ne4 Bxc1 16. Qxc1 Bxe4 17. Bxe4 Rf6 18. Qe3 Rh6+ 19. Kg2 Qd7 20. Rh1 Rg8 21. Rxh6 gxh6 22. Qxh6 1-0

[Event "GER-ch Net Amateur Gr-B Vor2"]
[Site "Playchess.com INT"]
[Date "2020.04.15"]
[Round "8"]
[White "Radeke, Wolfgang"]
[Black "Neuhoff, Laertes"]
[Result "1-0"]
[WhiteElo "1524"]
[BlackElo "1620"]
[PlyCount "65"]
[EventDate "2020.04.15"]
[EventType "swiss (blitz)"]
[EventRounds "9"]
[EventCountry "GER"]
[SourceTitle "CBM 196 Extra"]
[Source "ChessBase"]
[SourceDate "2020.07.31"]
[SourceVersion "1"]
[SourceVersionDate "2020.07.31"]
[SourceQuality "1"]

1. c4 e5 2. Nc3 Bb4 3. Nd5 Bc5 4. e3 c6 5. Nc3 Bb4 6. Nb1 Nf6 7. a3 Ba5 8. b4 Bc7 9. Bb2 0-0 10. d4 exd4 11. Bxd4 d5 12. c5 Re8 13. Bd3 Be5 14. Ne2 Bxd4 15. Nxd4 Bg4 16. Qc2 Nbd7 17. h3 Bh5 18. Nd2 Ne5 19. N2f3 Nxd3+ 20. Qxd3 Bg6 21. Qd2 Ne4 22. Qb2 Qf6 23. 0-0-0 a5 24. g4 axb4 25. axb4 Ra4 26. g5 Qe7 27. h4 Rea8 28. h5 Ra1+ 29. Kc2 R8a2 30. Rxa1 Rxb2+ 31. Kxb2 Bxh5 32. Ra8+ Qe8 33. Rxe8# 1-0

[Event "GER-ch Net Amateur Gr-B Vor2"]
[Site "Playchess.com INT"]
[Date "2020.04.15"]
[Round "7"]
[White "Schenk, Jonatan"]
[Black "Radeke, Wolfgang"]
[Result "1-0"]
[WhiteElo "1591"]
[BlackElo "1538"]
[PlyCount "41"]
[EventDate "2020.04.15"]
[EventType "swiss (blitz)"]
[EventRounds "9"]
[EventCountry "GER"]
[SourceTitle "CBM 196 Extra"]
[Source "ChessBase"]
[SourceDate "2020.07.31"]
[SourceVersion "1"]
[SourceVersionDate "2020.07.31"]
[SourceQuality "1"]

1. e4 c5 2. d4 cxd4 3. c3 dxc3 4. Nxc3 g6 5. Bc4 Bg7 6. e5 e6 7. Nf3 Nc6 8. Bf4 a6 9. Ne4 b5 10. Bb3 Bh6 11. Nf6+ Nxf6 12. Bxh6 Ng4 13. Bg7 Rg8 14. Bf6 Qc7 15. h3 Ngxe5 16. Nxe5 Nxe5 17. Rc1 Qa5+ 18. Rc3 Nc4 19. Bxc4 bxc4 20. Qd6 Qxc3+ 21. bxc3 1-0

[Event "GER-ch Net Amateur Gr-B Vor1"]
[Site "Playchess.com INT"]
[Date "2020.04.14"]
[Round "1"]
[White "Klinski, Andreas"]
[Black "Radeke, Wolfgang"]
[Result "0-1"]
[WhiteElo "1620"]
[BlackElo "1494"]
[PlyCount "66"]
[EventDate "2020.04.14"]
[EventType "swiss (blitz)"]
[EventRounds "9"]
[EventCountry "GER"]
[SourceTitle "EXT 2021"]
[Source "ChessBase"]
[SourceDate "2020.10.23"]
[SourceVersion "1"]
[SourceVersionDate "2020.10.23"]
[SourceQuality "1"]

1. e4 c5 2. Nf3 g6 3. c3 Bg7 4. Be2 d5 5. exd5 Qxd5 6. 0-0 Nc6 7. Bb5 a6 8. Bxc6+ Qxc6 9. h3 Nf6 10. d4 0-0 11. dxc5 Qxc5 12. Be3 Qh5 13. Qb3 b5 14. Nbd2 Bb7 15. Rad1 Rad8 16. Rfe1 e6 17. Bd4 Bd5 18. Qc2 Nd7 19. Ne4 Bxd4 20. Rxd4 f5 21. Ng3 Qh6 22. Rh4 Qg7 23. Ng5 h6 24. Nxe6 Bxe6 25. Rxe6 Nc5 26. Ne2 Nxe6 27. Nf4 Nxf4 28. Rxf4 Qc7 29. Rf3 Rfe8 30. Qb3+ Kg7 31. Re3 Rxe3 32. fxe3 Qf7 33. Qc2 Qd5 0-1

[Event "GER-ch Net blitz qual4"]
[Site "Playchess.com INT"]
[Date "2020.03.23"]
[Round "4"]
[White "Radeke, Wolfgang"]
[Black "Singh, Marcel"]
[Result "0-1"]
[WhiteElo "1802"]
[BlackElo "1926"]
[PlyCount "62"]
[EventDate "2020.03.23"]
[EventType "swiss (blitz)"]
[EventRounds "9"]
[EventCountry "GER"]
[SourceTitle "CBM 195 Extra"]
[Source "ChessBase"]
[SourceDate "2020.05.31"]
[SourceVersion "1"]
[SourceVersionDate "2020.05.31"]
[SourceQuality "1"]

1. c4 c5 2. Nc3 Nc6 3. Nf3 Nf6 4. d4 Nxd4 5. Nxd4 cxd4 6. Qxd4 g6 7. e4 Bg7 8. e5 Ng8 9. f4 d6 10. Nd5 e6 11. Nf6+ Nxf6 12. exf6 Bxf6 13. Qd1 0-0 14. Be2 Qa5+ 15. Bd2 Qb6 16. Rb1 a5 17. Bc3 Bxc3+ 18. bxc3 Qe3 19. Qd2 Qxd2+ 20. Kxd2 Rd8 21. Bf3 d5 22. cxd5 exd5 23. Rhd1 d4 24. Ke2 Bf5 25. Rxb7 dxc3 26. Rc1 Rd2+ 27. Kf1 c2 28. Rc7 h5 29. Ke1 Rad8 30. h3 h4 31. Rc3 Rd1+ 0-1

[Event "GER-ch Net blitz qual4"]
[Site "Playchess.com INT"]
[Date "2020.03.23"]
[Round "1"]
[White "Spieker, Hans Joachim"]
[Black "Radeke, Wolfgang"]
[Result "1-0"]
[WhiteElo "1829"]
[BlackElo "1802"]
[PlyCount "85"]
[EventDate "2020.03.23"]
[EventType "swiss (blitz)"]
[EventRounds "9"]
[EventCountry "GER"]
[SourceTitle "CBM 195 Extra"]
[Source "ChessBase"]
[SourceDate "2020.05.31"]
[SourceVersion "1"]
[SourceVersionDate "2020.05.31"]
[SourceQuality "1"]

1. Nf3 c5 2. c4 g6 3. g3 Bg7 4. Bg2 Nc6 5. 0-0 e5 6. d3 d6 7. Nbd2 Nge7 8. Rb1 0-0 9. a3 Bg4 10. b4 b6 11. h3 Bd7 12. b5 Nd4 13. Nxd4 exd4 14. Bxa8 Qxa8 15. Kh2 f5 16. f4 h6 17. Nf3 Bc8 18. Bd2 Bb7 19. Qe1 Kh7 20. a4 d5 21. a5 dxc4 22. dxc4 Be4 23. Rc1 Bf6 24. axb6 axb6 25. Qf2 Qb7 26. Ne5 g5 27. Ra1 Ng6 28. Nc6 d3 29. Ra7 Bxc6 30. Rxb7+ Bxb7 31. exd3 Bd4 32. Qe2 gxf4 33. Bxf4 Rg8 34. Qe6 Nxf4 35. Rxf4 h5 36. Qxf5+ Rg6 37. Qxh5+ Kg7 38. Rg4 Rxg4 39. Qxg4+ Kf8 40. Qf5+ Ke7 41. Qh7+ Kd6 42. Qxb7 Bg1+ 43. Kxg1 1-0

[Event "GER-ch Net blitz qual3"]
[Site "Playchess.com INT"]
[Date "2020.03.21"]
[Round "7"]
[White "Ahlberg, Matthias"]
[Black "Radeke, Wolfgang"]
[Result "1-0"]
[WhiteElo "2207"]
[BlackElo "1802"]
[PlyCount "61"]
[EventDate "2020.03.21"]
[EventType "swiss (blitz)"]
[EventRounds "9"]
[EventCountry "GER"]
[SourceTitle "CBM 195 Extra"]
[Source "ChessBase"]
[SourceDate "2020.05.31"]
[SourceVersion "1"]
[SourceVersionDate "2020.05.31"]
[SourceQuality "1"]

1. e4 c5 2. Nc3 g6 3. g3 Nc6 4. Bg2 e5 5. d3 d6 6. Be3 Bg7 7. Qd2 Nf6 8. Bh6 0-0 9. h4 Nd4 10. Bxg7 Kxg7 11. h5 Nxh5 12. Nce2 f5 13. c3 Ne6 14. exf5 Ng5 15. g4 Nf4 16. Nxf4 exf4 17. fxg6 Qe7+ 18. Kd1 hxg6 19. f3 Bd7 20. Kc2 Rae8 21. Nh3 Nxh3 22. Rxh3 Qe3 23. Rah1 Bc6 24. Rh7+ Kf6 25. Rf1 Qxd2+ 26. Kxd2 Re3 27. Rf2 Rfe8 28. Rh1 b5 29. b3 a5 30. a3 b4 31. cxb4 1-0

[Event "GER-ch Net blitz qual3"]
[Site "Playchess.com INT"]
[Date "2020.03.21"]
[Round "8"]
[White "Kuhn, Hubert"]
[Black "Radeke, Wolfgang"]
[Result "1-0"]
[WhiteElo "2019"]
[BlackElo "1802"]
[PlyCount "57"]
[EventDate "2020.03.21"]
[EventType "swiss (blitz)"]
[EventRounds "9"]
[EventCountry "GER"]
[SourceTitle "CBM 195 Extra"]
[Source "ChessBase"]
[SourceDate "2020.05.31"]
[SourceVersion "1"]
[SourceVersionDate "2020.05.31"]
[SourceQuality "1"]

1. d4 c5 2. d5 e6 3. Nc3 Nf6 4. e4 exd5 5. exd5 d6 6. Bc4 a6 7. a4 Bd7 8. Bg5 Be7 9. Nge2 h6 10. Bh4 Bf5 11. 0-0 0-0 12. h3 Nbd7 13. Bg3 Rb8 14. Qd2 Nb6 15. b3 Nh5 16. Bh2 Bg5 17. f4 Bf6 18. g4 Bd4+ 19. Nxd4 cxd4 20. Qxd4 Bxc2 21. gxh5 Qh4 22. Rf3 Qxh5 23. Rg3 f6 24. Qxb6 Rbe8 25. Qxb7 Rf7 26. Qc6 Rfe7 27. Qxd6 Re1+ 28. Rxe1 Rxe1+ 29. Kf2 1-0

[Event "GER-ch Net blitz qual3"]
[Site "Playchess.com INT"]
[Date "2020.03.21"]
[Round "9"]
[White "Radeke, Wolfgang"]
[Black "Winkler, Andreas1111"]
[Result "0-1"]
[WhiteElo "1802"]
[BlackElo "1433"]
[PlyCount "60"]
[EventDate "2020.03.21"]
[EventType "swiss (blitz)"]
[EventRounds "9"]
[EventCountry "GER"]
[SourceTitle "CBM 195 Extra"]
[Source "ChessBase"]
[SourceDate "2020.05.31"]
[SourceVersion "1"]
[SourceVersionDate "2020.05.31"]
[SourceQuality "1"]

1. c4 Nf6 2. Nc3 c5 3. Nf3 d6 4. d4 e6 5. e4 Be7 6. h4 0-0 7. Bg5 cxd4 8. Nxd4 Nbd7 9. Bd3 a6 10. Qc2 h6 11. Nf3 e5 12. Be3 Ng4 13. Nd5 Nxe3 14. fxe3 Nc5 15. a3 Bg4 16. 0-0-0 Bxf3 17. gxf3 Nxd3+ 18. Qxd3 Rc8 19. Kb1 b5 20. cxb5 axb5 21. Rc1 Rxc1+ 22. Rxc1 Bxh4 23. Qxb5 Bg5 24. Rc7 Kh7 25. Rd7 Qc8 26. Rxd6 Qh3 27. Qc5 Qxf3 28. Nc3 Bxe3 29. Rxh6+ Bxh6 30. Qxf8 Qd3+ 0-1

[Event "GER-ch Net blitz qual2"]
[Site "Playchess.com INT"]
[Date "2020.03.16"]
[Round "7"]
[White "Kosovska, Olena"]
[Black "Radeke, Wolfgang"]
[Result "1-0"]
[WhiteElo "1881"]
[BlackElo "1802"]
[PlyCount "47"]
[EventDate "2020.03.16"]
[EventType "swiss (blitz)"]
[EventRounds "9"]
[EventCountry "GER"]
[SourceTitle "CBM 195 Extra"]
[Source "ChessBase"]
[SourceDate "2020.05.31"]
[SourceVersion "1"]
[SourceVersionDate "2020.05.31"]
[SourceQuality "1"]

1. e4 c5 2. Nc3 g6 3. f4 Bg7 4. Nf3 e6 5. Bc4 Nc6 6. 0-0 a6 7. d3 b5 8. Bb3 Bb7 9. f5 exf5 10. exf5 Nh6 11. fxg6 hxg6 12. Ng5 Nf5 13. Bxf7+ Kf8 14. Bxg6 Qc7 15. Rxf5+ Bf6 16. Rxf6+ Kg7 17. Rf7+ Kxg6 18. h3 Raf8 19. Rxf8 Rxf8 20. Qg4 Ne5 21. Qh4 Bxg2 22. Qh7+ Kf6 23. Kxg2 Qc6+ 24. Nce4+ 1-0

[Event "GER-ch Net blitz qual2"]
[Site "Playchess.com INT"]
[Date "2020.03.16"]
[Round "8"]
[White "Radeke, Wolfgang"]
[Black "Schaefer, Erich"]
[Result "1-0"]
[WhiteElo "1802"]
[BlackElo "1328"]
[PlyCount "25"]
[EventDate "2020.03.16"]
[EventType "swiss (blitz)"]
[EventRounds "9"]
[EventCountry "GER"]
[SourceTitle "CBM 195 Extra"]
[Source "ChessBase"]
[SourceDate "2020.05.31"]
[SourceVersion "1"]
[SourceVersionDate "2020.05.31"]
[SourceQuality "1"]

1. c4 e5 2. Nc3 Nc6 3. e3 Nf6 4. d4 exd4 5. exd4 d6 6. Nf3 Bf5 7. Be3 Nb4 8. Qa4+ Nc6 9. d5 Qd7 10. dxc6 bxc6 11. Nd4 Bg6 12. Qxc6 0-0-0 13. Qa8# 1-0